01546nab a22002417a 4500003000400000005001700004008004100021040000700062100003900069245033300108260007300441300001500514500003700529505036800566505008200934650001801016650001301034650002701047650003201074650002601106650002201132773015001154OSt20251222115158.0190429b xxu||||| |||| 00| 0 spa d cPJ aLópez Castellano, Noelia Rocío10aAbogados : bsujetos obligados ante la unidad de información financiera. Violación por parte del Estado Argentino del derecho a la privacidad, a trabajar, a la libertad de pensamiento y expresión, a la defensa, a la inviolabilidad de los papeles privados y a la no autoincriminación /cNoelia Rocío López Castellano. cCiudad Autónoma de Buenos Aires :aThomson Reuters La Ley, b2025. ap. 127-135 aCita: TR LALEY AR/DOC/1621/2025. aSumario: I. Contexto internacional y normativa Interna.— II. Derecho a la privacidad.— III. Situación fáctica circular y derecho a trabajar.— IV. Derecho a la libertad de pensamiento y expresión.— V. Derecho a la defensa, a la no autoincriminación y a la inviolabilidad de los papeles privados.— VI. Conclusión.— VII. Referencias normativas. tSi te interesa el texto completo, solicitalo a koha@justierradelfuego.gov.ar  0aDERECHO PENAL 0aABOGADOS 0aDERECHO A LA INTIMIDAD 0aRESPONSABILIDAD DEL ABOGADO 0aLIBERTAD DE EXPRESION 0aDEFENSA EN JUICIO0 02658tRevista de derecho penal y criminología. Nº 7 - Agosto 2025dCiudad Autónoma de Buenos Aires : Thomson Reuters La Ley, 2017-x00347914